Assessment of Drinking Water Quantity and Quality in Afghanistan and Future Development

Gespeichert in:
Bibliographische Detailangaben
1. Verfasser: Nazari, Mohammad ali (Verfasst von)
Weitere Verfasser: Zakhar, Ronald (Betreuung Doktorarbeit)
Format: Manuskript Buch
Sprache:Slowakisch
Englisch
Veröffentlicht: 2021
Schlagworte:
Online-Zugang:http://is.stuba.sk/zp/portal_zp.pl?podrobnosti=160975
Tags: Tag hinzufügen
Keine Tags, Fügen Sie das erste Tag hinzu!

MARC

LEADER 00000ntm a22000003a 4500
001 stuzp84614
003 SK-STU
005 20210605210739.9
007 ta
008 150427s2015----xo-----f-mn---000-0-slo-d
040 |a STU  |b slo 
041 0 |a eng 
100 1 |a Nazari, Mohammad ali  |u 046290  |4 aut  |U FCHPT Ústav chemického a environmentálneho inžinierstva  |T FCHPT Oddelenie environmentálneho inžinierstva  |X 106977  |U C6290  |Y 120  |7 106977 
242 0 1 |a Zhodnotenie množstva a kvality pitnej vody v Afganistane a budúci vývoj  |y slo 
245 1 0 |a Assessment of Drinking Water Quantity and Quality in Afghanistan and Future Development 
260 |c 2021 
650 4 |a charakteristika podzemných vôd  |2 slo 
650 4 |a pitné a zavlažovacie účely  |2 slo 
650 4 |a ; úpravne vôd  |2 slo 
650 4 |a vodné zdroje  |2 slo 
650 4 |a drinking and irrigation purposes;  |2 eng 
650 4 |a sources of water  |2 eng 
650 4 |a characteristics of groundwater  |2 eng 
650 4 |a water treatment plants  |2 eng 
700 1 |a Zakhar, Ronald  |u 046290  |k Z1  |4 ths  |U FCHPT Ústav chemického a environmentálneho inžinierstva  |T FCHPT Oddelenie environmentálneho inžinierstva  |X 69351  |U C6290  |Y 120  |7 A0000069351 
856 4 |u http://is.stuba.sk/zp/portal_zp.pl?podrobnosti=160975